000 01044nam0a22002531 4500
001 rc\566886
005 20260407130015.0
035 _a(NLR Aleph) 005801508
090 _a5301657
_c5301657
100 _a20030616d1988 |||y0rusy50 ca
101 0 _arus
102 _aRU
105 _ay |||||||||
200 1 _aНациональная библиография, издательская деятельность и библиотечное дело в странах Азии, Африки и Латинской Америки
_eСб. науч. тр.
_fБАН СССР
_g[Редкол.: К.В. Лютова (отв. ред.), Г.З. Пумпян]
210 _aЛ.
_cБАН
_d1988
215 _a174 с.
_d20
320 _aБиблиогр. в конце ст.
702 1 _aЛютова
_bК.В.
_gКсения Владимировна
_4340
712 0 2 _aАН СССР
_bБиблиотека
_3RU\NLR\AUTH\889973263
_9443034
801 0 _aRU
_bNLR
_gpsbo
801 1 _aRU
_bELAR
_2rusmarc
852 _aNLR
_bБ
_jБ565/Н-354
942 _cBOOK
980 _aNB